Návrh propagačno-informačného projektu prezentácie Slovenskej republiky v zahraničí.

Text návrhu postupu a prehľad konkrétnych opatrení realizovaných Ministerstvom zahraničných vecí SR.

Gespeichert in:
Bibliographische Detailangaben
Format: Buchkapitel
Sprache:Slowakisch
Schlagworte:
Tags: Tag hinzufügen
Keine Tags, Fügen Sie das erste Tag hinzu!

MARC

LEADER 00000naa a2200000 4500
001 r011888
005 20221207124334.1
041 0 |a slo 
044 |a SK 
245 1 0 |a Návrh propagačno-informačného projektu prezentácie Slovenskej republiky v zahraničí. 
520 |a Text návrhu postupu a prehľad konkrétnych opatrení realizovaných Ministerstvom zahraničných vecí SR. 
610 2 0 |a Slovensko 
610 2 0 |a politika zahraničná 
610 2 0 |a informácie 
610 2 0 |a propagácia 
610 2 0 |a koncepcie 
610 2 0 |a projekty